000 nam a22 7a 4500
999 _c48896
_d48896
003 OSt
005 20190906162459.0
008 190906b xxu||||| |||| 00| 0 eng d
040 _cIIMT GR.NOIDA
100 _aCHOPRA, RAJIV
245 _aPRINCEPLES OF PROGRAMMING LANGUAGE
260 _aN.DELHI
_bIK
_c2015
300 _a216
942 _2ddc
_c01